[Event "St Petersburg White Nights op"]
[Site "St Petersburg"]
[Date "2010.06.24"]
[Round "9"]
[White "Shestiglazov, Vladimir"]
[Black "Bakhtin, Alexander"]
[Result "0-1"]
[WhiteElo "1793"]
[BlackElo "1813"]
[PlyCount "50"]
[EventDate "2010.06.16"]
[EventType "swiss"]
[EventRounds "9"]
[EventCountry "RUS"]
[SourceTitle "EXT 2011"]
[Source "ChessBase"]
[SourceDate "2010.11.26"]
[SourceVersion "1"]
[SourceVersionDate "2010.11.26"]
[SourceQuality "1"]

1. e4 e5 2. Nf3 Nc6 3. Bb5 a6 4. Ba4 Nf6 5. 0-0 d6 6. Re1 Be7 7. d4 b5 8. Bb3 Bg4 9. dxe5 Nxe5 10. Nbd2 0-0 11. h3 Bh5 12. g4 Nxf3+ 13. Nxf3 Bg6 14. e5 dxe5 15. Qxd8 Raxd8 16. Nxe5 Bc5 17. Nxg6 hxg6 18. Bf4 c6 19. Rad1 Rxd1 20. Rxd1 Ne4 21. Rf1 Re8 22. Kg2 a5 23. c3 g5 24. Bc7 a4 25. Bc2 Nxf2 0-1

[Event "St Petersburg White Nights op"]
[Site "St Petersburg"]
[Date "2010.06.21"]
[Round "6"]
[White "Shestiglazov, Vladimir"]
[Black "Chernyak, Viktoria"]
[Result "0-1"]
[WhiteElo "1793"]
[BlackElo "1716"]
[PlyCount "46"]
[EventDate "2010.06.16"]
[EventType "swiss"]
[EventRounds "9"]
[EventCountry "RUS"]
[SourceTitle "EXT 2011"]
[Source "ChessBase"]
[SourceDate "2010.11.26"]
[SourceVersion "1"]
[SourceVersionDate "2010.11.26"]
[SourceQuality "1"]

1. e4 g6 2. d4 Bg7 3. Nc3 c5 4. Be3 cxd4 5. Bxd4 e5 6. Bc5 Ne7 7. Qd6 b6 8. Qxe7+ Qxe7 9. Bxe7 Kxe7 10. Nd5+ Kd8 11. Nf3 Bb7 12. 0-0-0 Bxd5 13. Rxd5 Bh6+ 14. Kb1 f6 15. Bb5 a6 16. Ba4 b5 17. Bb3 Ke7 18. Rhd1 Ra7 19. a4 Rb7 20. axb5 axb5 21. c4 bxc4 22. Bxc4 Rc8 23. b3 Rxc4 0-1

[Event "St Petersburg White Nights op"]
[Site "St Petersburg"]
[Date "2009.06.13"]
[Round "5"]
[White "Komarov, Den"]
[Black "Shestiglazov, Vladimir"]
[Result "0-1"]
[WhiteElo "1667"]
[BlackElo "1801"]
[PlyCount "68"]
[EventDate "2009.06.09"]
[EventType "swiss"]
[EventRounds "9"]
[EventCountry "RUS"]
[SourceTitle "EXT 2011"]
[Source "ChessBase"]
[SourceDate "2010.11.26"]
[SourceVersion "1"]
[SourceVersionDate "2010.11.26"]
[SourceQuality "1"]

1. b3 e5 2. Bb2 Nc6 3. e3 f6 4. c4 Nge7 5. Nf3 e4 6. Ng1 d5 7. Nc3 Bf5 8. Nh3 Ne5 9. d4 exd3 10. Nf4 dxc4 11. bxc4 N7c6 12. e4 Nb4 13. exf5 Nc2+ 14. Kd2 Nxc4+ 15. Kc1 Nxb2 16. Kxb2 Ba3+ 17. Kb1 Nxa1 18. Kxa1 Qd4 19. Qa4+ Qxa4 20. Nxa4 0-0-0 21. Nxd3 Rhe8 22. Kb1 Rd4 23. Nab2 c5 24. Kc2 c4 25. Nxc4 Rxc4+ 26. Kb3 Ree4 27. Kxa3 Rc3+ 28. Kb2 Rec4 29. Nb4 Rc5 30. Bd3 a5 31. a3 axb4 32. axb4 Rc7 33. Bb5 Rc2+ 34. Kb3 R7c3+ 0-1

[Event "St Petersburg White Nights op"]
[Site "St Petersburg"]
[Date "2009.06.09"]
[Round "1"]
[White "Shestiglazov, Vladimir"]
[Black "Kushka, Alena"]
[Result "0-1"]
[WhiteElo "1801"]
[BlackElo "2170"]
[PlyCount "84"]
[EventDate "2009.06.09"]
[EventType "swiss"]
[EventRounds "9"]
[EventCountry "RUS"]
[SourceTitle "EXT 2011"]
[Source "ChessBase"]
[SourceDate "2010.11.26"]
[SourceVersion "1"]
[SourceVersionDate "2010.11.26"]
[SourceQuality "1"]

1. e4 c5 2. Nf3 Nc6 3. d4 cxd4 4. Nxd4 Qb6 5. Nb3 Nf6 6. Be3 Qb4+ 7. c3 Qxe4 8. N1d2 Qg6 9. Be2 Qxg2 10. Bf3 Qg6 11. h4 Ne5 12. Be2 Qg2 13. Rf1 d6 14. Nd4 Bd7 15. Nb5 Bxb5 16. Bxb5+ Nc6 17. Qa4 a6 18. 0-0-0 Rc8 19. Bc4 d5 20. Rg1 Qh3 21. Bf1 Qd7 22. Nb3 e6 23. Bh3 Ne5 24. Qf4 Bd6 25. Qg5 Nf3 26. Qxg7 Rg8 27. Qxg8+ Nxg8 28. Rxg8+ Ke7 29. Rxc8 Qxc8 30. Rxd5 Ng1 31. Bc5 Bxc5 32. Rxc5 Qd7 33. Bg4 Qd6 34. Rc4 f5 35. Rd4 Qh2 36. Bd1 Qxf2 37. Nc5 Qe3+ 38. Kc2 b6 39. Rd7+ Kf6 40. Nd3 Nf3 41. Bxf3 Qxf3 42. Rxh7 Qe2+ 0-1

[Event "St Petersburg March op"]
[Site "St Petersburg"]
[Date "2009.04.09"]
[Round "9"]
[White "Shestiglazov, Vladimir"]
[Black "Skrjabin, Igor"]
[Result "0-1"]
[WhiteElo "1829"]
[BlackElo "2065"]
[PlyCount "44"]
[EventDate "2009.03.30"]
[EventType "swiss"]
[EventRounds "9"]
[EventCountry "RUS"]
[SourceTitle "EXT 2012"]
[Source "ChessBase"]
[SourceDate "2011.11.24"]
[SourceVersion "1"]
[SourceVersionDate "2011.11.24"]
[SourceQuality "1"]

1. e4 e5 2. Nf3 Nc6 3. Bb5 a6 4. Ba4 Nf6 5. 0-0 Nxe4 6. d4 b5 7. Bb3 d5 8. dxe5 Be6 9. Nbd2 Be7 10. Qe2 Nc5 11. c3 Nxb3 12. Nxb3 0-0 13. Nbd4 Qd7 14. Nxe6 Qxe6 15. Bf4 Rad8 16. Rad1 Rd7 17. Bg5 f6 18. Nd4 Nxd4 19. cxd4 c5 20. f4 cxd4 21. f5 Qb6 22. e6 d3+ 0-1

[Event "St Petersburg March op"]
[Site "St Petersburg"]
[Date "2009.04.06"]
[Round "6"]
[White "Klobukov, Sergey"]
[Black "Shestiglazov, Vladimir"]
[Result "0-1"]
[WhiteElo "1984"]
[BlackElo "1829"]
[PlyCount "114"]
[EventDate "2009.03.30"]
[EventType "swiss"]
[EventRounds "9"]
[EventCountry "RUS"]
[SourceTitle "EXT 2012"]
[Source "ChessBase"]
[SourceDate "2011.11.24"]
[SourceVersion "1"]
[SourceVersionDate "2011.11.24"]
[SourceQuality "1"]

1. Nf3 Nf6 2. c4 c5 3. g3 b6 4. Bg2 Bb7 5. 0-0 e6 6. b3 Be7 7. Bb2 0-0 8. Nc3 d5 9. e3 a6 10. cxd5 Nxd5 11. Nxd5 Bxd5 12. Qe2 Be4 13. d4 Nc6 14. Rfd1 Qc7 15. Rac1 Nb4 16. dxc5 Nxa2 17. Rc4 Bd5 18. Rg4 g6 19. Rxd5 exd5 20. Be5 Qxc5 21. Qxa2 Qc1+ 22. Bf1 Rfc8 23. Qd2 Qxd2 24. Nxd2 Rc2 25. Nf3 Rc1 26. Ra4 b5 27. Ra1 Rxa1 28. Bxa1 Rc8 29. Bd4 Rc1 30. Bb6 Rb1 31. Kg2 Rxb3 32. Nd4 Rb1 33. Bd3 Rb2 34. Nc6 Bf6 35. Ba5 Rb3 36. Bc2 Rb2 37. Bd3 Kf8 38. e4 dxe4 39. Bxe4 Ra2 40. Kf3 Ke8 41. Bb4 Kd7 42. Bd5 Rb2 43. Ba3 Rd2 44. Be4 Bc3 45. Nb8+ Ke8 46. Nxa6 Ra2 47. Bb4 Rxa6 48. Bxc3 Ra3 49. Ke3 Rxc3+ 50. Kd2 b4 51. Bd5 Kd7 52. Bxf7 Rf3 53. Bg8 Rxf2+ 54. Kd3 Rxh2 55. Ke4 h5 56. Bh7 g5 57. Kd4 Rb2 0-1